| 000 | 00438nam a2200157 4500 | ||
|---|---|---|---|
| 001 | 116635 | ||
| 003 | ES-MaACL | ||
| 005 | 20230906190736.0 | ||
| 007 | t| | ||
| 008 | 061121s1969 sp r ||||1| spa d | ||
| 100 | 1 |
_aOtero Silva, Miguel. _987920 |
|
| 245 | 1 | 0 |
_aCasas muertas / _cMiguel Otero Silva. |
| 260 |
_aBarcelona : _bCĂrculo de Lectores, _c1969. |
||
| 300 |
_a156 p. : _bil. ; _c18 cm. |
||
| 852 |
_aES-MaACL _jC-35395 _bR.68777 |
||
| 999 |
_c116635 _d116635 |
||